[Event "18. Obert Int. Sant Marti 2016"]
[Site "Barcelona ESP"]
[Date "2016.07.17"]
[Round "5.43"]
[White "Niraj, Saripalli"]
[Black "Rakshitta, Ravi"]
[Result "1-0"]
[WhiteElo "2140"]
[BlackElo "1716"]
[PlyCount "161"]
[EventDate "2016.07.13"]
[EventType "swiss"]
[EventRounds "9"]
[EventCountry "ESP"]
[SourceTitle "Ajedrez en Madrid"]
[Source "lmi"]
[SourceDate "2016.07.13"]
[SourceVersion "1"]
[SourceVersionDate "2019.06.21"]
[SourceQuality "1"]

1. d4 Nf6 2. Nf3 g6 3. g3 Bg7 4. Bg2 d6 5. O-O O-O 6. a4 a5 7. Nc3 Nc6 8. e4
Nd7 9. Re1 e5 10. Bg5 f6 11. Be3 Kh8 12. Qd2 Nb6 13. b3 Bg4 14. Nb5 f5 15. d5
Ne7 16. Ng5 fxe4 17. h3 Bc8 18. Bxe4 Nf5 19. Bxb6 cxb6 20. Ne6 Bxe6 21. dxe6
Qe7 22. Bxf5 gxf5 23. Qxd6 Rae8 24. Rad1 Qxe6 25. Qxe6 Rxe6 26. Rd7 f4 27. g4
e4 28. Nd6 e3 29. fxe3 fxe3 30. Nf5 Bc3 31. Rxe3 Rxe3 32. Nxe3 Re8 33. Nf5 Bb4
34. Kf2 Bc5+ 35. Kf3 Rc8 36. Rxb7 Rd8 37. Kf4 Bd6+ 38. Nxd6 Rxd6 39. c4 Re6 40.
h4 Kg8 41. Kf5 Rc6 42. Ke5 h6 43. g5 hxg5 44. hxg5 Rg6 45. Kf5 Rc6 46. g6 Rc5+
47. Kf4 Rc6 48. g7 Re6 49. Kf3 Kh7 50. Kf4 Kg8 51. Kf5 Rh6 52. Ke5 Rc6 53. Kd5
Rg6 54. Ke4 Rh6 55. Kd3 Rg6 56. c5 Rg3+ 57. Kc4 bxc5 58. Kxc5 Kh7 59. Rb5 Kxg7
60. Kb6 Kf6 61. Kxa5 Ke6 62. b4 Kd6 63. Rb6+ Kc7 64. Rf6 Kb7 65. Rf7+ Kb8 66.
Rf5 Rg4 67. Kb5 Rh4 68. a5 Rg4 69. Kc5 Rg1 70. Rf6 Rg5+ 71. Kb6 Rg8 72. b5 Re8
73. a6 Rd8 74. Rf5 Rd6+ 75. Ka5 Rd1 76. Rf8+ Kc7 77. b6+ Kc6 78. Rc8+ Kd7 79.
b7 Ra1+ 80. Kb6 Rc1 81. Rxc1 1-0

[Event "18. Obert Int. Sant Marti 2016"]
[Site "Barcelona ESP"]
[Date "2016.07.17"]
[Round "5.44"]
[White "Magallanes, Gustavo"]
[Black "Ramirez Garcia, Jorge Alberto"]
[Result "0-1"]
[WhiteElo "1989"]
[BlackElo "2264"]
[PlyCount "78"]
[EventDate "2016.07.13"]
[EventType "swiss"]
[EventRounds "9"]
[EventCountry "ESP"]
[SourceTitle "Ajedrez en Madrid"]
[Source "lmi"]
[SourceDate "2016.07.13"]
[SourceVersion "1"]
[SourceVersionDate "2019.06.21"]
[SourceQuality "1"]

1. e4 c5 2. Nf3 Nc6 3. c3 e6 4. d4 d5 5. e5 Qb6 6. Be2 Nh6 7. Bxh6 Qxb2 8. Qd2
Qxa1 9. O-O cxd4 10. Nxd4 Nxd4 11. cxd4 gxh6 12. Nc3 Qxf1+ 13. Kxf1 Bb4 14. a3
Bxc3 15. Qxc3 Bd7 16. Qb4 O-O-O 17. a4 Kb8 18. Qd6+ Ka8 19. a5 Bb5 20. Qe7 Rd7
21. Qc5 Bxe2+ 22. Kxe2 Kb8 23. a6 bxa6 24. Qc6 Rb7 25. Qxa6 Rb6 26. Qa4 Rc8 27.
Kd3 Rb2 28. f3 Rxg2 29. Qb5+ Ka8 30. Ke3 Rgc2 31. Qd7 R2c7 32. Qa4 Rc6 33. Qb5
R8c7 34. h4 a6 35. Qa5 Kb7 36. Qb4+ Rb6 37. Qf8 a5 38. Qxh6 a4 39. Qxh7 Rb3+
0-1

[Event "18. Obert Int. Sant Marti 2016"]
[Site "Barcelona ESP"]
[Date "2016.07.17"]
[Round "5.45"]
[White "Hapala, Elisabeth"]
[Black "Bielecki, Pawel"]
[Result "0-1"]
[WhiteElo "2222"]
[BlackElo "2023"]
[PlyCount "154"]
[EventDate "2016.07.13"]
[EventType "swiss"]
[EventRounds "9"]
[EventCountry "ESP"]
[SourceTitle "Ajedrez en Madrid"]
[Source "lmi"]
[SourceDate "2016.07.13"]
[SourceVersion "1"]
[SourceVersionDate "2019.06.21"]
[SourceQuality "1"]

1. e4 c5 2. Nf3 e6 3. d4 cxd4 4. Nxd4 a6 5. Bd3 Nf6 6. O-O Qc7 7. Qe2 d6 8. c4
g6 9. Nc3 Bg7 10. Rd1 O-O 11. Nf3 Nc6 12. Bc2 Ne5 13. Nxe5 dxe5 14. Be3 Bd7 15.
f3 Rac8 16. Bb3 Rfd8 17. Qf2 Bf8 18. Rac1 Be8 19. Rxd8 Qxd8 20. Na4 Bxa4 21.
Bxa4 Qa5 22. Bb3 Nd7 23. a3 b5 24. h3 b4 25. axb4 Qxb4 26. Ba2 Nc5 27. Qd2 Qxd2
28. Bxd2 Nd3 29. Rb1 Nb4 30. Bb3 Nc6 31. Bd1 Nb4 32. b3 Bc5+ 33. Kf1 Rd8 34.
Ke2 f6 35. Ra1 Bf8 36. Ra4 Rb8 37. Bxb4 Bxb4 38. Rxa6 Rd8 39. Ra2 f5 40. exf5
exf5 41. Rc2 Kf7 42. c5 Ke6 43. c6 Ba5 44. Ra2 Bc3 45. Rc2 Ba5 46. Rc1 Rd2+ 47.
Kf1 Kd6 48. Be2 Kc7 49. Bb5 Bb6 50. g4 Rf2+ 51. Ke1 Rxf3 52. Rd1 Bd4 53. gxf5
gxf5 54. Rd3 Rxd3 55. Bxd3 e4 56. Bb5 Bb6 57. Ba4 Kd6 58. b4 Ke5 59. Bd1 Kf4
60. h4 Kg3 61. h5 Kg2 62. Bc2 h6 63. Ke2 Kg3 64. Ke1 Kf3 65. Bd1+ Ke3 66. Bc2
f4 67. Ba4 f3 68. Kf1 Kf4 69. Bc2 e3 70. Bd3 Kg4 71. Be4 e2+ 72. Ke1 Kg3 73. c7
Bxc7 74. Kd2 Bf4+ 75. Ke1 Be5 76. Bxf3 Kxf3 77. Kd2 Bg3 0-1

[Event "18. Obert Int. Sant Marti 2016"]
[Site "Barcelona ESP"]
[Date "2016.07.17"]
[Round "5.46"]
[White "Rendboe, John"]
[Black "Molinero Martin, Joan"]
[Result "1-0"]
[WhiteElo "2183"]
[BlackElo "1995"]
[PlyCount "113"]
[EventDate "2016.07.13"]
[EventType "swiss"]
[EventRounds "9"]
[EventCountry "ESP"]
[SourceTitle "Ajedrez en Madrid"]
[Source "lmi"]
[SourceDate "2016.07.13"]
[SourceVersion "1"]
[SourceVersionDate "2019.06.21"]
[SourceQuality "1"]

1. c4 Nf6 2. Nc3 e5 3. g3 Bc5 4. Bg2 O-O 5. e3 Nc6 6. Nge2 d6 7. d4 Bb4 8. O-O
Bd7 9. a3 Bxc3 10. Nxc3 Qc8 11. Nd5 Nxd5 12. cxd5 Ne7 13. Re1 Ng6 14. b3 Bh3
15. Bh1 f5 16. dxe5 dxe5 17. Bb2 Qd7 18. Rc1 Rad8 19. Qc2 Rf7 20. Qc4 Kh8 21.
b4 Rdf8 22. f4 Re7 23. fxe5 Nxe5 24. Bxe5 Rxe5 25. Qh4 f4 26. exf4 Ree8 27. Bf3
Bf5 28. g4 Bd3 29. Qg3 b5 30. Rxe8 Rxe8 31. Re1 Bc4 32. Rxe8+ Qxe8 33. Qf2 a6
34. Kg2 Qe7 35. Qc5 Qd8 36. g5 g6 37. Kf2 Kg8 38. h4 Qd7 39. Qc6 Qh3 40. Qe8+
Kg7 41. Qe7+ Kg8 42. Qd8+ Kg7 43. Qxc7+ Kg8 44. Qd8+ Kg7 45. Qf6+ Kg8 46. Qe6+
Qxe6 47. dxe6 Bxe6 48. Bb7 Kf8 49. Bxa6 Bd7 50. Ke3 Ke7 51. Bb7 Kd6 52. Be4 Bg4
53. Bd3 Bd7 54. Kd4 Bc6 55. f5 Be8 56. f6 Ke6 57. Kc5 1-0

[Event "18. Obert Int. Sant Marti 2016"]
[Site "Barcelona ESP"]
[Date "2016.07.17"]
[Round "5.47"]
[White "Mulay, Pratik"]
[Black "Parnali, S Dharia"]
[Result "1/2-1/2"]
[WhiteElo "1983"]
[BlackElo "2161"]
[PlyCount "142"]
[EventDate "2016.07.13"]
[EventType "swiss"]
[EventRounds "9"]
[EventCountry "ESP"]
[SourceTitle "Ajedrez en Madrid"]
[Source "lmi"]
[SourceDate "2016.07.13"]
[SourceVersion "1"]
[SourceVersionDate "2019.06.21"]
[SourceQuality "1"]

1. e4 e5 2. Nf3 Nc6 3. Bb5 a6 4. Bxc6 dxc6 5. O-O Bg4 6. h3 h5 7. d3 Qf6 8.
Nbd2 Bc5 9. Nc4 Bxf3 10. Qxf3 Qxf3 11. gxf3 f6 12. Be3 Bd6 13. Rfd1 O-O-O 14.
c3 Ne7 15. Kf1 c5 16. a3 Nc6 17. b4 cxb4 18. axb4 Kd7 19. Ke2 g5 20. Rdb1 Ke6
21. b5 axb5 22. Rxb5 b6 23. d4 exd4 24. cxd4 Kf7 25. Rc1 Bf4 26. Ne5+ Nxe5 27.
Bxf4 gxf4 28. dxe5 Rd7 29. exf6 Kxf6 30. Rf5+ Ke6 31. Rc6+ Ke7 32. Rxf4 Rhd8
33. Rf5 Rd2+ 34. Ke3 R8d3+ 35. Kf4 Kd7 36. Rh6 Rxf2 37. Kg3 Re2 38. e5 b5 39.
Rf7+ Kc8 40. Rc6 Rxe5 41. Rcxc7+ Kb8 42. h4 Red5 43. Rb7+ Kc8 44. Rfc7+ Kd8 45.
Rh7 Kc8 46. Rbc7+ Kb8 47. Rcg7 Kc8 48. Rh8+ Rd8 49. Rxh5 Rf8 50. Rc5+ Kd8 51.
Rxb5 Rdxf3+ 52. Kg4 R3f7 53. Rxf7 Rxf7 54. h5 Rf1 55. Re5 Rg1+ 56. Kf5 Rf1+ 57.
Kg6 Rg1+ 58. Kh7 Kd7 59. Re2 Kd6 60. Re8 Kd7 61. Rg8 Rh1 62. Rg5 Ke7 63. Kg7
Rf1 64. h6 Rf7+ 65. Kg6 Rf6+ 66. Kh5 Rf1 67. h7 Kf7 68. h8=N+ Kf6 69. Rg6+ Kf5
70. Kh6 Rh1+ 71. Kg7 Rxh8 1/2-1/2

[Event "18. Obert Int. Sant Marti 2016"]
[Site "Barcelona ESP"]
[Date "2016.07.17"]
[Round "5.48"]
[White "Tahay, Alexis"]
[Black "Perez Garcia, Adria"]
[Result "1/2-1/2"]
[WhiteElo "2119"]
[BlackElo "1984"]
[PlyCount "80"]
[EventDate "2016.07.13"]
[EventType "swiss"]
[EventRounds "9"]
[EventCountry "ESP"]
[SourceTitle "Ajedrez en Madrid"]
[Source "lmi"]
[SourceDate "2016.07.13"]
[SourceVersion "1"]
[SourceVersionDate "2019.06.21"]
[SourceQuality "1"]

1. e4 c6 2. d4 d5 3. Nd2 dxe4 4. Nxe4 Nd7 5. Bd3 Ngf6 6. Ng5 e6 7. N1f3 Bd6 8.
Qe2 h6 9. Ne4 Nxe4 10. Qxe4 Nf6 11. Qe2 Qc7 12. Bd2 b6 13. O-O-O Bb7 14. Kb1
O-O-O 15. Ba6 Bxa6 16. Qxa6+ Qb7 17. Qxb7+ Kxb7 18. h3 Kc7 19. Rhe1 Rd7 20. c4
Rhd8 21. Kc2 c5 22. Ne5 Bxe5 23. dxe5 Ng8 24. Bc3 Rxd1 25. Rxd1 Rxd1 26. Kxd1
Ne7 27. Ke2 h5 28. Ke3 Kd7 29. g4 hxg4 30. hxg4 Nc6 31. Ke4 Ke7 32. f3 g6 33.
f4 Ke8 34. Be1 Kd7 35. Bc3 Ke7 36. Kd3 Kd7 37. Kd2 a6 38. Kd3 Kc7 39. Ke4 Kd7
40. Be1 Kc7 1/2-1/2

[Event "18. Obert Int. Sant Marti 2016"]
[Site "Barcelona ESP"]
[Date "2016.07.17"]
[Round "5.49"]
[White "Kunal, Kakumanu"]
[Black "Garcia Marin, Guillem"]
[Result "1-0"]
[WhiteElo "1903"]
[BlackElo "2116"]
[PlyCount "61"]
[EventDate "2016.07.13"]
[EventType "swiss"]
[EventRounds "9"]
[EventCountry "ESP"]
[SourceTitle "Ajedrez en Madrid"]
[Source "lmi"]
[SourceDate "2016.07.13"]
[SourceVersion "1"]
[SourceVersionDate "2019.06.21"]
[SourceQuality "1"]

1. e4 d6 2. d4 Nf6 3. Nc3 c6 4. f4 Qa5 5. Bd3 e5 6. Nf3 exd4 7. Nxd4 g6 8. O-O
Bg7 9. Kh1 O-O 10. f5 Nbd7 11. Qe1 Qc7 12. Qh4 a6 13. Bg5 c5 14. Nde2 b5 15.
Nf4 Bb7 16. fxg6 hxg6 17. Rf3 b4 18. Ncd5 Bxd5 19. Nxd5 Nxd5 20. exd5 Ne5 21.
Rh3 f5 22. Qh7+ Kf7 23. Bh6 Kf6 24. Bg5+ Kf7 25. Bxf5 gxf5 26. Qxf5+ Kg8 27.
Qh7+ Kf7 28. Bh6 Ke7 29. Bxg7 Rf7 30. Bxe5 dxe5 31. Qxf7+ 1-0

[Event "18. Obert Int. Sant Marti 2016"]
[Site "Barcelona ESP"]
[Date "2016.07.17"]
[Round "5.50"]
[White "Rueda Marquez, David J."]
[Black "Molano Lafuente, Ismael"]
[Result "1-0"]
[WhiteElo "2066"]
[BlackElo "1940"]
[PlyCount "165"]
[EventDate "2016.07.13"]
[EventType "swiss"]
[EventRounds "9"]
[EventCountry "ESP"]
[SourceTitle "Ajedrez en Madrid"]
[Source "lmi"]
[SourceDate "2016.07.13"]
[SourceVersion "1"]
[SourceVersionDate "2019.06.21"]
[SourceQuality "1"]

1. e4 e5 2. Nf3 Nc6 3. Bb5 Nf6 4. Nc3 Bc5 5. O-O O-O 6. Nxe5 Bd4 7. Nxc6 dxc6
8. Be2 Bxc3 9. dxc3 Qxd1 10. Rxd1 Nxe4 11. Bf4 Bf5 12. Bxc7 Nc5 13. Rd2 Rfe8
14. f3 Na4 15. Rb1 Re7 16. Bf4 Rae8 17. Kf2 Rd7 18. Rxd7 Bxd7 19. Be3 c5 20. c4
Bc6 21. Bd3 a6 22. b3 Nc3 23. Ra1 b5 24. Bxc5 bxc4 25. Bxc4 Bb5 26. Re1 Rc8 27.
Bxb5 axb5 28. a3 f6 29. Bd4 Nd5 30. Re2 Kf7 31. Ke1 Nf4 32. Rd2 Re8+ 33. Kd1
Rd8 34. g3 Ne6 35. Bb2 Rb8 36. Kc1 Ng5 37. Rd3 Ke6 38. h4 Nf7 39. Bc3 Nd6 40.
g4 h5 41. Bd2 Rh8 42. Bf4 Nf7 43. Bg3 g5 44. gxh5 Rxh5 45. hxg5 Rxg5 46. Bf4
Rf5 47. Bb8 Rh5 48. Kb2 Rh8 49. Bf4 Rh4 50. Bc7 Rh5 51. a4 bxa4 52. bxa4 Rc5
53. Bb6 Rc6 54. a5 Ne5 55. Rb3 Nc4+ 56. Ka2 Nxa5 57. Bxa5 Rxc2+ 58. Kb1 Rc4 59.
Rc3 Ra4 60. Bc7 Kf5 61. Kc2 Kg5 62. Kd3 f5 63. f4+ Kg4 64. Rc4 Ra3+ 65. Kd4 Ra1
66. Ke5 Re1+ 67. Kf6 Ra1 68. Rc6 Ra8 69. Be5 Rf8+ 70. Kg7 Ra8 71. Rg6+ Kf3 72.
Rf6 Ke4 73. Rf7 Ra6 74. Bb8 Re6 75. Rf6 Re8 76. Bd6 Ra8 77. Kg6 Rg8+ 78. Kf7
Rh8 79. Kg7 Rh1 80. Re6+ Kf3 81. Kg6 Kg4 82. Rf6 Rh5 83. Be5 1-0

[Event "18. Obert Int. Sant Marti 2016"]
[Site "Barcelona ESP"]
[Date "2016.07.17"]
[Round "5.51"]
[White "Custodio Criado, Jofre"]
[Black "Guix Torres, David"]
[Result "0-1"]
[WhiteElo "1639"]
[BlackElo "2052"]
[PlyCount "32"]
[EventDate "2016.07.13"]
[EventType "swiss"]
[EventRounds "9"]
[EventCountry "ESP"]
[SourceTitle "Ajedrez en Madrid"]
[Source "lmi"]
[SourceDate "2016.07.13"]
[SourceVersion "1"]
[SourceVersionDate "2019.06.21"]
[SourceQuality "1"]

1. d4 Nf6 2. c4 c5 3. d5 e6 4. Nc3 exd5 5. Nxd5 Nxd5 6. Qxd5 Nc6 7. Nf3 Be7 8.
Bf4 O-O 9. e3 Nb4 10. Qd2 Qa5 11. Kd1 d5 12. cxd5 Bf5 13. a3 Rfd8 14. Bc4 b5
15. Ba2 Qa4+ 16. Kc1 Nd3+ 0-1

[Event "18. Obert Int. Sant Marti 2016"]
[Site "Barcelona ESP"]
[Date "2016.07.17"]
[Round "5.52"]
[White "Hernando Rodrigo, Julio Antoni"]
[Black "Ferre Campos, Josep"]
[Result "1-0"]
[WhiteElo "2333"]
[BlackElo "1970"]
[PlyCount "55"]
[EventDate "2016.07.13"]
[EventType "swiss"]
[EventRounds "9"]
[EventCountry "ESP"]
[SourceTitle "Ajedrez en Madrid"]
[Source "lmi"]
[SourceDate "2016.07.13"]
[SourceVersion "1"]
[SourceVersionDate "2019.06.21"]
[SourceQuality "1"]

1. d4 Nf6 2. c4 g6 3. Nc3 d5 4. cxd5 Nxd5 5. e4 Nxc3 6. bxc3 c5 7. Nf3 Bg7 8.
Rb1 O-O 9. Be2 cxd4 10. cxd4 Qa5+ 11. Bd2 Qxa2 12. O-O Qe6 13. Qc2 Qd6 14. Bb4
Qd8 15. d5 b6 16. Qa2 Bb7 17. Qa3 Re8 18. Bb5 a5 19. Bxe8 axb4 20. Bxf7+ Kxf7
21. Qxb4 Ra6 22. Ng5+ Kg8 23. Ne6 Qd6 24. Qxd6 exd6 25. Rfc1 Bf6 26. g3 Ra7 27.
Rxb6 Nd7 28. Rxd6 1-0

[Event "18. Obert Int. Sant Marti 2016"]
[Site "Barcelona ESP"]
[Date "2016.07.17"]
[Round "5.53"]
[White "Chung, Mathilde"]
[Black "Kakumanu, Kautil"]
[Result "1/2-1/2"]
[WhiteElo "2169"]
[BlackElo "1956"]
[PlyCount "97"]
[EventDate "2016.07.13"]
[EventType "swiss"]
[EventRounds "9"]
[EventCountry "ESP"]
[SourceTitle "Ajedrez en Madrid"]
[Source "lmi"]
[SourceDate "2016.07.13"]
[SourceVersion "1"]
[SourceVersionDate "2019.06.21"]
[SourceQuality "1"]

1. d4 Nf6 2. c4 e6 3. Nf3 b6 4. g3 Bb4+ 5. Bd2 Bxd2+ 6. Nbxd2 Bb7 7. Bg2 c5 8.
O-O Qc7 9. Re1 cxd4 10. Nxd4 Bxg2 11. Kxg2 O-O 12. e4 d6 13. f4 Nc6 14. Nb5 Qe7
15. Nf3 Rfd8 16. Qe2 a6 17. Nc3 Qb7 18. b3 Ne8 19. Rad1 Rd7 20. Rd2 Rad8 21.
Red1 h6 22. g4 Ne7 23. Kg1 Ng6 24. Qe3 e5 25. Nd5 Nxf4 26. Nxf4 exf4 27. Qxf4
Nf6 28. Rd4 Re8 29. Re1 Rde7 30. Nd2 Re5 31. Rxd6 Nxe4 32. Nxe4 Rxe4 33. Rxe4
Rxe4 34. Rd8+ Kh7 35. Qf5+ g6 36. Rd7 gxf5 37. Rxb7 Re1+ 38. Kf2 Ra1 39. Rxf7+
Kg6 40. Rxf5 Rxa2+ 41. Kg3 Ra3 42. Rf3 a5 43. Re3 a4 44. Kf4 Rxb3 45. Re6+ Kg7
46. Ke4 a3 47. Re7+ Kf6 48. Ra7 Ke6 49. Ra6 1/2-1/2

[Event "18. Obert Int. Sant Marti 2016"]
[Site "Barcelona ESP"]
[Date "2016.07.17"]
[Round "5.54"]
[White "Vargas Drechsler, Carlos"]
[Black "Villar Reymundo, Juan Antonio"]
[Result "0-1"]
[WhiteElo "1943"]
[BlackElo "2165"]
[PlyCount "52"]
[EventDate "2016.07.13"]
[EventType "swiss"]
[EventRounds "9"]
[EventCountry "ESP"]
[SourceTitle "Ajedrez en Madrid"]
[Source "lmi"]
[SourceDate "2016.07.13"]
[SourceVersion "1"]
[SourceVersionDate "2019.06.21"]
[SourceQuality "1"]

1. d4 Nf6 2. Nf3 c5 3. c4 cxd4 4. Nxd4 e6 5. g3 Qc7 6. Bg2 Qxc4 7. O-O d5 8.
Nc3 a6 9. Bg5 Nbd7 10. Rc1 Qb4 11. Bxf6 Nxf6 12. a3 Qb6 13. e4 dxe4 14. Bxe4
Be7 15. Bb1 O-O 16. Na4 Qa7 17. Nb3 Bd7 18. Nac5 Bc6 19. Re1 Rfd8 20. Qc2 Rac8
21. g4 g6 22. g5 Nh5 23. Nxe6 Bd7 24. Nec5 Bxc5 25. Nxc5 b6 26. Qd3 Bb5 0-1

[Event "18. Obert Int. Sant Marti 2016"]
[Site "Barcelona ESP"]
[Date "2016.07.17"]
[Round "5.55"]
[White "Snehal, Bhosale"]
[Black "Bernat, Ernest"]
[Result "1-0"]
[WhiteElo "2150"]
[BlackElo "1942"]
[PlyCount "127"]
[EventDate "2016.07.13"]
[EventType "swiss"]
[EventRounds "9"]
[EventCountry "ESP"]
[SourceTitle "Ajedrez en Madrid"]
[Source "lmi"]
[SourceDate "2016.07.13"]
[SourceVersion "1"]
[SourceVersionDate "2019.06.21"]
[SourceQuality "1"]

1. d4 d5 2. c4 e6 3. Nc3 Nf6 4. cxd5 exd5 5. Bg5 Be7 6. e3 O-O 7. Bd3 a6 8.
Nge2 Nbd7 9. O-O c5 10. Rc1 c4 11. Bb1 b5 12. Qc2 g6 13. f3 Bb7 14. a3 Re8 15.
Nf4 Qb6 16. Qf2 Qd6 17. h3 Bc6 18. Rce1 a5 19. e4 Nxe4 20. fxe4 Bxg5 21. e5
Nxe5 22. Nfxd5 Bxd5 23. dxe5 Rxe5 24. Rxe5 Qxe5 25. Re1 Qd6 26. Rd1 Qe6 27.
Nxd5 Rd8 28. Qd4 Be3+ 29. Qxe3 Rxd5 30. Qf3 Qb6+ 31. Kh1 Rxd1+ 32. Qxd1 b4 33.
Be4 bxa3 34. bxa3 c3 35. a4 Qe3 36. Bc2 Kg7 37. Bb3 Qf4 38. Kg1 h5 39. Qf1 Qc7
40. Qf2 Kg8 41. Kf1 Qd7 42. Qf3 Qc7 43. Qe4 Kg7 44. Ke2 Qd6 45. Qd5 Qc7 46. Qc4
Qe5+ 47. Kd3 Qg3+ 48. Kd4 Qxg2 49. Qxf7+ Kh6 50. Qf4+ Kg7 51. Qc7+ Kh6 52. Qxc3
Kh7 53. Kc5 Qg5+ 54. Kb6 Qf5 55. Bc2 Qe6+ 56. Kxa5 Qd5+ 57. Kb6 Kh6 58. Qe3+
Kg7 59. a5 Qd6+ 60. Kb5 Qd7+ 61. Kb4 Qd6+ 62. Qc5 Qf4+ 63. Qc4 Qd2+ 64. Qc3+
1-0

[Event "18. Obert Int. Sant Marti 2016"]
[Site "Barcelona ESP"]
[Date "2016.07.17"]
[Round "5.56"]
[White "Tahay, Romain"]
[Black "Martin Perez, Laura"]
[Result "0-1"]
[WhiteElo "1942"]
[BlackElo "2104"]
[PlyCount "134"]
[EventDate "2016.07.13"]
[EventType "swiss"]
[EventRounds "9"]
[EventCountry "ESP"]
[SourceTitle "Ajedrez en Madrid"]
[Source "lmi"]
[SourceDate "2016.07.13"]
[SourceVersion "1"]
[SourceVersionDate "2019.06.21"]
[SourceQuality "1"]

1. d4 Nf6 2. c4 e6 3. Nc3 Bb4 4. e3 b6 5. Nge2 Bb7 6. a3 Be7 7. d5 O-O 8. Ng3
d6 9. Be2 Nbd7 10. O-O Re8 11. e4 Bf8 12. Bg5 h6 13. Be3 c6 14. Rc1 Rc8 15. Re1
cxd5 16. cxd5 exd5 17. exd5 Ne5 18. f4 Nc4 19. Bf2 Ne3 20. Bxe3 Rxe3 21. Qd4
Re8 22. Red1 a6 23. Bf3 b5 24. a4 Rc4 25. Qa7 Qc8 26. axb5 axb5 27. Be2 Rc5 28.
Bxb5 Re7 29. Qa3 Nxd5 30. Nxd5 Rxc1 31. Nxe7+ Bxe7 32. Be2 Qc6 33. Qf3 Qb6+ 34.
Qf2 Qxb2 35. Rxc1 Qxc1+ 36. Nf1 d5 37. Qf3 Bc5+ 38. Kh1 Qb2 39. Bd3 d4 40. Qe2
Qxe2 41. Bxe2 Bd6 42. f5 Be4 43. f6 d3 44. Bd1 g5 45. Nd2 Bd5 46. Nf1 Kh7 47.
Ne3 Be6 48. Bh5 Bc5 49. Nd1 Bd4 50. Bf3 Bb3 51. g3 Kg6 52. Kg2 Kxf6 53. Kf1 Ke5
54. Ke1 f5 55. Kd2 Bc4 56. h3 Ba6 57. Ne3 Bxe3+ 58. Kxe3 f4+ 59. gxf4+ gxf4+
60. Kd2 Kd4 61. h4 Bc8 62. Bh5 Bb7 63. Bg4 f3 64. Bf5 Be4 65. Bh3 f2 66. Bf1
Bf3 67. Bxd3 Bg2 0-1

[Event "18. Obert Int. Sant Marti 2016"]
[Site "Barcelona ESP"]
[Date "2016.07.17"]
[Round "5.57"]
[White "Marchador Villalba, Jordi"]
[Black "Sapale, Saloni"]
[Result "1-0"]
[WhiteElo "2024"]
[BlackElo "1929"]
[PlyCount "79"]
[EventDate "2016.07.13"]
[EventType "swiss"]
[EventRounds "9"]
[EventCountry "ESP"]
[SourceTitle "Ajedrez en Madrid"]
[Source "lmi"]
[SourceDate "2016.07.13"]
[SourceVersion "1"]
[SourceVersionDate "2019.06.21"]
[SourceQuality "1"]

1. d4 d5 2. Bf4 Nf6 3. e3 Bf5 4. Nf3 e6 5. Be2 h6 6. h3 c6 7. O-O Bd6 8. Ne5
O-O 9. Nd2 Qc7 10. Ndf3 Nbd7 11. c4 c5 12. Rc1 b6 13. cxd5 exd5 14. Bb5 Be6 15.
Nxd7 Nxd7 16. Bxd6 Qxd6 17. Bd3 c4 18. Bb1 Rac8 19. Nh4 Qe7 20. Qh5 Rfe8 21.
Nf5 Bxf5 22. Qxf5 Nf6 23. Rfe1 a6 24. f3 Qd6 25. Rcd1 Rcd8 26. Qc2 b5 27. e4
dxe4 28. fxe4 Qb6 29. Qf2 Nd7 30. e5 f6 31. Qf5 Nxe5 32. Re4 Nf7 33. Rg4 Ng5
34. h4 h5 35. Rxg5 fxg5 36. Qh7+ Kf8 37. Rf1+ Ke7 38. Qxg7+ Kd6 39. Rf6+ Re6
40. Rxe6+ 1-0

[Event "18. Obert Int. Sant Marti 2016"]
[Site "Barcelona ESP"]
[Date "2016.07.17"]
[Round "5.58"]
[White "Rojas Fernandez, Andres"]
[Black "Nepveu, Manuel"]
[Result "1-0"]
[WhiteElo "2009"]
[BlackElo "1910"]
[PlyCount "95"]
[EventDate "2016.07.13"]
[EventType "swiss"]
[EventRounds "9"]
[EventCountry "ESP"]
[SourceTitle "Ajedrez en Madrid"]
[Source "lmi"]
[SourceDate "2016.07.13"]
[SourceVersion "1"]
[SourceVersionDate "2019.06.21"]
[SourceQuality "1"]

1. e4 e6 2. d4 d5 3. Nd2 c5 4. Ngf3 cxd4 5. exd5 exd5 6. Nxd4 Nc6 7. N2b3 Nf6
8. Bb5 Bd7 9. O-O Be7 10. Re1 O-O 11. c3 a6 12. Bd3 Bd6 13. h3 h6 14. Nf5 Bxf5
15. Bxf5 Bc7 16. Be3 Qd6 17. g3 Rfe8 18. Nd4 Re5 19. Bf4 Rxe1+ 20. Qxe1 Qd8 21.
Qd2 Bxf4 22. Qxf4 Qb6 23. Nxc6 bxc6 24. b4 a5 25. a4 Rd8 26. Rb1 d4 27. bxa5
Qxa5 28. Rb8 g6 29. Bc2 dxc3 30. Bxg6 Rxb8 31. Qxb8+ Kg7 32. Bc2 Qg5 33. Qb3
Qc1+ 34. Kg2 Nd5 35. a5 Qd2 36. Kf3 Qd4 37. a6 c5 38. a7 Qf6+ 39. Kg2 Nb6 40.
Qxb6 Qxb6 41. a8=Q Qb2 42. Qe4 Qa1 43. Qh7+ Kf8 44. Qxh6+ Ke7 45. Qe3+ Kd6 46.
h4 Qb2 47. h5 Qb4 48. h6 1-0

[Event "18. Obert Int. Sant Marti 2016"]
[Site "Barcelona ESP"]
[Date "2016.07.17"]
[Round "5.59"]
[White "Castrillo Mansego, Pablo"]
[Black "Nadal Fajardo, Ricard"]
[Result "1-0"]
[WhiteElo "2003"]
[BlackElo "1900"]
[PlyCount "97"]
[EventDate "2016.07.13"]
[EventType "swiss"]
[EventRounds "9"]
[EventCountry "ESP"]
[SourceTitle "Ajedrez en Madrid"]
[Source "lmi"]
[SourceDate "2016.07.13"]
[SourceVersion "1"]
[SourceVersionDate "2019.06.21"]
[SourceQuality "1"]

1. e4 c6 2. f4 d5 3. exd5 cxd5 4. d4 Nc6 5. Nf3 Nf6 6. c3 g6 7. Bd3 Bf5 8. O-O
Bg7 9. Qc2 e6 10. Nbd2 O-O 11. h3 Rc8 12. a3 Nh5 13. Nb3 Qb6 14. Bxf5 exf5 15.
Qd1 Ng3 16. Re1 Ne4 17. Kh2 a5 18. Ne5 Qc7 19. g3 f6 20. Nd3 b6 21. a4 Rfe8 22.
Nd2 Kh8 23. Nf1 Qb7 24. Ne3 Rcd8 25. Kg2 Qa6 26. h4 h5 27. Ra3 Nd6 28. Rb3 Nc4
29. Rb5 Qb7 30. Qf3 Nxe3+ 31. Rxe3 Re4 32. Nc5 Qc7 33. Ne6 Rxe6 34. Rxe6 Nxd4
35. cxd4 Qxc1 36. Rexb6 Kh7 37. Qe2 Rc8 38. Rc5 Rxc5 39. dxc5 Qxc5 40. Rb7 Kh6
41. Qe7 Qxe7 42. Rxe7 Bf8 43. Rd7 Bb4 44. Rxd5 Kg7 45. Rd7+ Kf8 46. Kf3 Be1 47.
Rb7 Bd2 48. Ke2 Bb4 49. Rxb4 1-0

[Event "18. Obert Int. Sant Marti 2016"]
[Site "Barcelona ESP"]
[Date "2016.07.17"]
[Round "5.60"]
[White "Castillo Dalmau, Albert"]
[Black "Vives Bellber, Tomas"]
[Result "1-0"]
[WhiteElo "1998"]
[BlackElo "1898"]
[PlyCount "104"]
[EventDate "2016.07.13"]
[EventType "swiss"]
[EventRounds "9"]
[EventCountry "ESP"]
[SourceTitle "Ajedrez en Madrid"]
[Source "lmi"]
[SourceDate "2016.07.13"]
[SourceVersion "1"]
[SourceVersionDate "2019.06.21"]
[SourceQuality "1"]

1. c4 g6 2. g3 Bg7 3. Bg2 c5 4. Nc3 Nc6 5. Nf3 Nf6 6. d4 cxd4 7. Nxd4 O-O 8.
O-O a6 9. e3 Qc7 10. b3 d6 11. Bb2 Bd7 12. Nc2 Bg4 13. Qd2 Qa5 14. e4 Qh5 15.
f3 Bh3 16. Bxh3 Qxh3 17. Ne3 Rfd8 18. Qg2 Qxg2+ 19. Kxg2 Rac8 20. Rf2 h5 21.
Rd1 Nb4 22. Rfd2 Nc6 23. Kf2 Bh6 24. f4 Ng4+ 25. Nxg4 hxg4 26. Nd5 Bg7 27. Ne3
Bxb2 28. Rxb2 Kg7 29. Nxg4 Rh8 30. Kg1 Nd8 31. e5 dxe5 32. Nxe5 f6 33. Ng4 Rc7
34. Rbd2 Ne6 35. Ne3 Kf7 36. Kg2 Rhc8 37. Kf3 f5 38. b4 Ng7 39. c5 Nh5 40. Nc4
Nf6 41. Ne5+ Kg7 42. Rd8 Rxd8 43. Rxd8 Ne4 44. Ke3 a5 45. a3 axb4 46. axb4 Nf6
47. Kd4 Ne4 48. Rd7 Rxd7+ 49. Nxd7 Nd2 50. b5 Kf7 51. Ne5+ Ke6 52. b6 Nb3+ 1-0